[Event "Washington Class Championships"]
[Site "Seattle, WA"]
[Date "2015.11.27"]
[Round "2"]
[White "Little Jack  (WA)"]
[Black "Magnani Christopher  (WA)"]
[Result "1-0"]
[WhiteElo "1320"]
[BlackElo "1309"]
[Annotator ""]
[Source ""]
[Remark "Class D"]

1.e4 e6 2.d4 d5 3.exd5 exd5 4.c4 Nf6 5.Nc3 Bb4 6.Bd2 O-O 7.cxd5
Nxd5 8.Nxd5 Bxd2+ 9.Qxd2 Qxd5 10.Nf3 Nc6 11.Be2 Bf5 12.O-O Rfe8
13.b3 Rad8 14.Bc4 Qd7 15.Rad1 Re7 16.d5 Ne5 17.Nxe5 Rxe5 18.Qd4
Rde8 19.Qxa7 b5 20.Bd3 Bxd3 21.Rxd3 Qf5 22.Rf3 Qb1 23.g3 Qe4
24.Re3 Qxd5 25.Qxc7 Rxe3 26.fxe3 f6 27.Qc3 Kf7 28.Qd4 Qe5 29.Qxe5
Rxe5 30.Kf2 Ke6 31.Rd1 Rc5 32.Ke2 Rc2+ 33.Rd2 Rxd2+ 34.Kxd2 Ke5
35.Kd3 Kd5 36.a4 bxa4 37.bxa4 Kc5 38.Kc3 f5 39.h3 g5 40.a5 h5
41.a6 Kc6 42.Kd4 Kb6 43.Ke5 h4 44.gxh4 g4 45.hxg4 fxg4 46.Kf4 1-0

[Event "Washington Class Championships"]
[Site "Seattle, WA"]
[Date "2015.11.27"]
[Round "2"]
[White "Tien Sophie  (WA)"]
[Black "Pothukuchi Revanth  (WA)"]
[Result "1/2-1/2"]
[WhiteElo "1321"]
[BlackElo "1516"]
[Annotator ""]
[Source ""]
[Remark "Class C"]

1.e4 c5 2.Nf3 e6 3.d4 cxd4 4.Nxd4 a6 5.Bd3 Qc7 6.O-O Nf6 7.Qe2
d6 8.c4 Be7 9.f4 Nbd7 10.Nc3 O-O 11.Nf3 Rd8 12.e5 dxe5 13.fxe5
Ne8 14.Ng5 Bxg5 15.Bxg5 f6 16.exf6 Ndxf6 17.Ne4 Qf7 18.Nxf6+
Nxf6 19.Bxf6 gxf6 20.Rad1 Bd7 21.Qf3 Bc6 22.Qxf6 Qxf6 23.Rxf6
Be4 24.Be2 Rxd1+ 25.Bxd1 Rd8 26.Bg4 e5 27.Re6 {=} ( 27.Be6+ $14 )
Rd2 28.Bf3 Bxf3 29.gxf3 Rxb2 30.Rxe5 Rxa2 31.Re8+ Kf7 32.Rb8
Rb2 33.c5 Rb5 34.Rc8 a5 35.c6 bxc6 36.Rxc6 a4 37.Rc7+ Kg6 38.Ra7
Rb4 39.Kf1 Rb1+ 40.Kg2 Ra1 41.h4 a3 42.f4 a2 43.Ra5 Kf6 44.h5
Ke6 45.h6 Kf6 46.Ra8 Kg6 47.Ra6+ Kf5 48.Ra4 Kf6 49.Ra8 Kf5 50.Ra4
Kg4 51.Kh2 Rf1 52.Rxa2 Rxf4 53.Ra7 Kg5 54.Rxh7 Rh4+ 55.Kg2 Rxh6
56.Rxh6 Kxh6 1/2-1/2

[Event "Washington Class Championships"]
[Site "Seattle, WA"]
[Date "2015.11.27"]
[Round "2"]
[White "Bonrud Neal  (WA)"]
[Black "Beck Alec  (WA)"]
[Result "1-0"]
[WhiteElo "1747"]
[BlackElo "1503"]
[Annotator ""]
[Source ""]
[Remark "Class B"]

1.e4 e6 2.d4 d5 3.Nc3 Nf6 4.Bg5 Be7 5.e5 Nfd7 6.h4 h6 7.Bxe7
Qxe7 8.Qg4 O-O 9.O-O-O a6 10.Nf3 c5 11.Ne2 Nc6 12.c3 cxd4 13.Nexd4
Ncxe5 14.Nxe5 Nxe5 15.Qg3 Nc6 16.f4 Nxd4 17.Rxd4 Qd6 18.Bd3 Bd7
19.Re1 Rac8 20.Bc2 Rc7 21.Re5 Rfc8 22.Rh5 Kh8 23.Qd3 f5 24.g4
g6 25.Rxh6+ Kg7 26.g5 Rc4 27.Bb3 R4c5 28.Rb4 Rxc3+ 29.Qxc3+ Rxc3+
30.bxc3 b5 31.Kb2 e5 32.h5 Be8 33.fxe5 Qxe5 34.hxg6 Bxg6 35.Rd4
Qe2+ 36.Ka3 Qe3 37.Rxd5 Qxg5 38.Rh2 Qc1+ 39.Rb2 Qxc3 40.Rc2 Qf6
41.Rd7+ Kh6 42.Rcd2 Qf8+ 43.R7d6 f4 44.Bc2 f3 45.Kb2 Qg7+ 46.Kb1
Qe5 47.Rxg6+ Kh5 48.Rd1 Qh2 49.Rd5+ Kh4 50.Rh6+ Kg3 51.Rxh2 Kxh2
52.Rf5 Kg3 53.Bd3 1-0

[Event "Washington Class Championships"]
[Site "Seattle, WA"]
[Date "2015.11.27"]
[Round "2"]
[White "Haining Karen  (WA)"]
[Black "Weller Stephen  (WA)"]
[Result "1/2-1/2"]
[WhiteElo "1255"]
[BlackElo "1185"]
[Annotator ""]
[Source ""]
[Remark "Class D"]

1.e4 c5 2.Nf3 a6 3.Bd3 d6 4.h3 b5 5.Be2 Bb7 6.d3 g6 7.Bf4 Bg7
8.Nbd2 Nc6 9.c3 h6 10.Qc2 e6 11.Rd1 Nge7 12.Nb3 a5 13.d4 a4 14.Nc1
cxd4 15.Bxb5 e5 16.Bg3 Qa5 17.Bxc6+ Bxc6 18.Ne2 O-O 19.O-O dxc3
20.Nxc3 f5 21.Rxd6 f4 22.Bh2 Rac8 23.Rfd1 a3 24.Qb3+ Kh7 25.Qxa3
Qxa3 26.bxa3 Ra8 27.Nb1 Bxe4 28.Nfd2 Bf5 29.g3 Bxh3 30.gxf4 exf4
31.Rd3 Bg4 32.Re1 Nc6 33.Nc4 g5 34.Kg2 Bf5 35.Rdd1 f3+ 36.Kg1
Nd4 37.Re7 Ne2+ 38.Kf1 Bh3+ 39.Ke1 Rae8 40.Rxe8 Rxe8 41.Kd2 Bf5
42.a4 h5 43.a5 Bh6 44.Ne3 Bg6 45.Nc3 Nd4 46.Ncd5 Kg7 47.Rc1 g4
48.Bf4 Ne6 49.Bxh6+ Kxh6 50.a6 Kg5 51.Nb6 Rd8+ 52.Kc3 Nf4 53.Rh1
h4 54.a7 g3 55.fxg3 hxg3 56.a8Q Rxa8 57.Nxa8 Be4 58.Nb6 g2 59.Rf1
Bd3 60.Nbc4 Bxf1 61.Nd2 Nd5+ 62.Kd4 Nxe3 63.Kxe3 Be2 64.Kf2 Kf4
65.a4 Kg4 66.Kg1 Kf4 67.Kf2 1/2-1/2

[Event "Washington Class Championships"]
[Site "Seattle, WA"]
[Date "2015.11.27"]
[Round "2"]
[White "He Daniel  (WA)"]
[Black "He Anthony  (WA)"]
[Result "1/2-1/2"]
[WhiteElo "2241"]
[BlackElo "2087"]
[Annotator ""]
[Source ""]
[Remark "Master"]

1.c4 e6 2.g3 d5 3.Bg2 Nf6 4.Nf3 Be7 5.O-O O-O 6.b3 c6 7.Bb2 b6
8.Qc2 Bb7 9.d3 c5 10.e3 Nc6 11.a3 Qc7 12.Nc3 Rac8 13.cxd5 exd5
14.Ne2 Rfd8 15.Bh3 Rb8 16.Nf4 Ne8 17.Rac1 Bf6 18.d4 Ba6 19.Rfe1
Na5 20.Nd2 c4 21.Bg2 Qd6 22.b4 Nb3 23.Nxb3 cxb3 24.Qxb3 Bb7 25.Qd1
b5 26.Nd3 Nc7 27.Ne5 Ne6 28.f4 Be7 29.Qh5 g6 30.Qd1 f5 31.Bf3
Bf6 32.Qd2 Rbc8 33.Kh1 Kg7 34.g4 Bxe5 35.dxe5 Qf8 36.Bd4 Kh8
37.Rg1 Ng7 38.Qb2 Re8 39.Bxa7 Re6 40.Bd4 Qf7 41.Qg2 Qd7 42.Rc3
Rf8 43.h3 Rf7 44.Kh2 Rf8 45.Rd1 Rd8 46.Rcc1 Qe8 47.Bb2
{At this point the score sheet seems to fall apart.  It indicates that the
Black queen moves to c6, but that doesn't look like too good of an idea.  A few
moves later, 51. ... Bxd5 seems to indicate the queen isn't on c6.  The rest of
the moves written just deepen the mystery, but eventually, they agree to a draw.}
 1/2-1/2

[Event "Washington Class Championships"]
[Site "Seattle, WA"]
[Date "2015.11.29"]
[Round "5"]
[White "Le Blanc Paul  (CAN)"]
[Black "Lee Addison  (WA)"]
[Result "1/2-1/2"]
[WhiteElo "1901"]
[BlackElo "1825"]
[Annotator ""]
[Source ""]
[Remark "Class A"]

1.d4 e6 2.c4 f5 3.Nf3 Nf6 4.g3 d6 5.Bg2 Be7 6.O-O O-O 7.Nc3 Nbd7
8.b4 d5 9.c5 Ne4 10.Qb3 Qe8 11.Nb5 Bd8 12.Bf4 c6 13.Nc7 Bxc7
14.Bxc7 g5 15.Rad1 Qh5 16.Ne5 Nxe5 17.Bxe5 Qxe2 18.Bf3 Qa6 19.Rfe1
b5 20.Bxe4 fxe4 21.Qe3 Qb7 22.Qxg5+ Kf7 23.Qh5+ Kg8 24.Qg5+ Kf7 1/2-1/2

[Event "Washington Class Championships"]
[Site "Seattle, WA"]
[Date "2015.11.29"]
[Round "5"]
[White "Baxter Brent  (WA)"]
[Black "Vega Isaac  (OR)"]
[Result "1-0"]
[WhiteElo "1891"]
[BlackElo "1605"]
[Annotator ""]
[Source ""]
[Remark "Class A"]

1.b3 Nf6 2.Bb2 g6 3.g4 Bg7 4.g5 Nh5 5.Qc1 Bxb2 6.Qxb2 O-O 7.e3
Nc6 8.Be2 b6 9.Bxh5 gxh5 10.Ne2 Bb7 11.Rg1 d6 12.f4 e5 13.Nbc3
d5 14.fxe5 Nxe5 15.O-O-O c5 16.Nf4 d4 17.Nce2 Nf3 18.Nxh5 Nxg1
19.Rxg1 Bf3 20.Nf6+ Kg7 21.Ng3 Kg6 22.Rf1 dxe3 23.dxe3 Bb7 24.Qe5 1-0

[Event "Washington Class Championships"]
[Site "Seattle, WA"]
[Date "2015.11.29"]
[Round "5"]
[White "Doknjas Joshua  (CAN)"]
[Black "Pupols Viktors  (WA)"]
[Result "1-0"]
[WhiteElo "2109"]
[BlackElo "2213"]
[Annotator ""]
[Source ""]
[Remark "Master"]

1.e4 e5 2.Nf3 Nc6 3.Bc4 Be7 4.d3 Nf6 5.O-O O-O 6.Bb3 d5 7.exd5
Nxd5 8.h3 Bf6 9.Re1 Be6 10.Nbd2 Nf4 11.Ba4 Nd4 12.Ne4 Ng6 13.Be3
Nxf3+ 14.Qxf3 Be7 15.Bb3 Bxb3 16.axb3 b6 17.Ra6 c5 18.Nc3 f5
19.Qd5+ Qxd5 20.Nxd5 Rad8 21.Nxe7+ Nxe7 22.Rxa7 Nc8 23.Rc7 Rf7
24.Rc6 Ra7 25.Re6 g6 26.Rxe5 Kf7 27.Bd2 Re7 28.Rxe7+ Nxe7 29.Bg5 1-0

[Event "Washington Class Championships"]
[Site "Seattle, WA"]
[Date "2015.11.29"]
[Round "5"]
[White "Tosolini Alessio  (WA)"]
[Black "Magnani Christopher  (WA)"]
[Result "1-0"]
[WhiteElo "1166"]
[BlackElo "1309"]
[Annotator ""]
[Source ""]
[Remark "Class D"]

1.e4 e6 2.d3 d5 3.Nd2 c5 4.Ngf3 Nc6 5.g3 Nf6 6.Bg2 dxe4 7.dxe4
Be7 8.O-O b6 9.b3 Bb7 10.Bb2 O-O 11.Qe2 Nd7 12.e5 f6 13.Qc4 Kf7
14.Bh3 f5 15.Bxf5 Ke8 16.Qxe6 g6 17.Bxg6+ hxg6 18.Qxg6+ Rf7 19.e6
Qc7 20.exf7+ Kd8 21.Ng5 Bxg5 22.Qxg5+ Ne7 23.Qg8+ Nxg8 24.fxg8Q+
Ke7 25.Rae1+ Ne5 26.Qg7+ Kd8 27.Qxc7+ Kxc7 1-0

[Event "Washington Class Championships"]
[Site "Seattle, WA"]
[Date "2015.11.29"]
[Round "5"]
[White "Tiglon Bryce  (WA)"]
[Black "Feng Roland  (WA)"]
[Result "1/2-1/2"]
[WhiteElo "2337"]
[BlackElo "2403"]
[Annotator ""]
[Source ""]
[Remark "Master"]

1.e4 e6 2.d4 d5 3.Nd2 dxe4 4.Nxe4 Nd7 5.Nf3 Ngf6 6.Bd3 Be7 7.Nxf6+
Nxf6 8.O-O O-O 9.Ne5 c5 10.dxc5 Qc7 11.Qe2 Qxc5 12.Bg5 h6 13.Bd2
b6 14.a4 Bb7 15.a5 Qd5 16.f3 Rad8 17.axb6 axb6 18.Kh1 Nd7 19.Nxd7
Rxd7 20.Be3 Bc5 21.Be4 Qe5 22.Bxc5 Qxc5 23.Ra7 Bc6 24.Rxd7 Bxd7
25.Rd1 Bb5 26.Bd3 1/2-1/2

[Event "Washington Class Championships"]
[Site "Seattle, WA"]
[Date "2015.11.29"]
[Round "5"]
[White "Smith Andrew M  (WA)"]
[Black "Wong Hongning  (WA)"]
[Result "0-1"]
[WhiteElo "1243"]
[BlackElo "1347"]
[Annotator ""]
[Source ""]
[Remark "Class D"]

1.e4 e5 2.Nf3 Nc6 3.d4 exd4 4.Bc4 Nf6 5.O-O Bc5 6.Re1 O-O 7.e5
Ne8 8.Ng5 d5 9.Qh5 h6 10.Bd3 Qe7 11.Nh7 Qe6 12.Nxf8 Kxf8 13.Bf5
Qxf5 14.Qxf5 Bxf5 15.Re2 f6 16.exf6 Nxf6 17.Bf4 Bb6 18.Na3 a6
19.Rd1 Bg4 20.Rdd2 Bxe2 21.Rxe2 Re8 22.Rxe8+ Kxe8 23.Nb1 Nh5
24.Bd2 Ba5 25.c3 dxc3 26.bxc3 d4 27.cxd4 Bxd2 28.Nxd2 Nxd4 0-1

[Event "Washington Class Championships"]
[Site "Seattle, WA"]
[Date "2015.11.29"]
[Round "5"]
[White "Richards Jerrold  (WA)"]
[Black "Pothukuchi Revanth  (WA)"]
[Result "0-1"]
[WhiteElo "1421"]
[BlackElo "1516"]
[Annotator ""]
[Source ""]
[Remark "Class C"]

1.c4 e5 2.g3 g6 3.Bg2 Bg7 4.Nc3 f5 5.d3 Ne7 6.Nf3 Nbc6 7.O-O
h6 8.Rb1 d6 9.b4 e4 10.Nxe4 fxe4 11.dxe4 Be6 12.Qc2 O-O 13.a3
Nd4 14.Nxd4 Bxd4 15.Bxh6 Bg7 16.Bxg7 Kxg7 17.Rfd1 Qe8 18.Qc3+
Kg8 19.e5 Qf7 20.Qf3 Qxf3 21.Bxf3 dxe5 22.Bxb7 Rab8 23.Be4 Rfd8
24.c5 Kg7 25.e3 Nd5 26.Rb3 a5 27.Rbd3 c6 28.bxa5 Rb5 29.Bxd5
cxd5 30.c6 Rxa5 31.c7 Rc8 32.Rc1 Ra7 33.Rdc3 Kf7 34.Kg2 Ke7 35.h3
Kd7 36.Rd3 Rcxc7 37.Rcd1 Rc8 38.e4 d4 39.f4 Rc2+ 40.Kf3 Kc6 41.fxe5
Rf7# 0-1

[Event "Washington Class Championships"]
[Site "Seattle, WA"]
[Date "2015.11.29"]
[Round "5"]
[White "Humphrey David  (WA)"]
[Black "Reeves Jasen  (WA)"]
[Result "0-1"]
[WhiteElo "1204"]
[BlackElo "1241"]
[Annotator ""]
[Source ""]
[Remark "Class D"]

1.e4 e5 2.Nf3 Nc6 3.Bc4 Nf6 4.Ng5 d5 5.exd5 Nd4 6.d6 Qxd6 7.Bxf7+
Ke7 8.Bc4 Qc6 9.O-O Qxc4 10.Nc3 h6 11.Nf3 Nxf3+ 12.Qxf3 Kf7 13.d3
Qg4 14.Qe3 Bd6 15.b3 b6 16.f3 Qd7 17.Qe2 Bc5+ 18.Be3 Bxe3+ 19.Qxe3
Re8 20.Ne2 Nd5 21.Qd2 Qc6 22.Ng3 Qc5+ 23.Rf2 Bb7 24.Ne4 Qe3 25.Qd1
Nf4 26.Qf1 Re6 27.Re1 Qd4 28.Ng3 Rg6 29.Kh1 a5 30.Nf5 Qc5 31.Ne3
b5 32.Ng4 Re6 33.Rc1 h5 34.d4 Qxd4 35.Rd1 Qc5 0-1

[Event "Washington Class Championships"]
[Site "Seattle, WA"]
[Date "2015.11.29"]
[Round "5"]
[White "Shubin Daniel  (WA)"]
[Black "Smolak Frederick  (WA)"]
[Result "1/2-1/2"]
[WhiteElo "1477"]
[BlackElo "1389"]
[Annotator ""]
[Source ""]
[Remark "Class C"]

1.e4 c5 2.Nf3 d6 3.d4 cxd4 4.Nxd4 Nf6 5.Nc3 a6 6.Be3 e6 7.Be2
Be7 8.O-O O-O 9.f4 b5 10.a3 Bb7 11.Bf3 Nbd7 12.f5 e5 13.Nb3 Nc5
14.Nd2 d5 15.exd5 Nxd5 16.Bxd5 Bxd5 17.Nf3 Bxf3 18.Qxf3 Rc8 19.Rad1
Qc7 20.Nd5 Qd6 21.f6 Bxf6 22.Nxf6+ Qxf6 23.Qxf6 gxf6 24.Rxf6
Kg7 25.Rdf1 Kg8 26.Bh6 Rfe8 27.Rxf7 Ne6 28.R7f5 Ng7 29.Rf6 Rxc2
30.Rxa6 Rxb2 31.Ra7 Ne6 32.Rff7 b4 33.axb4 Rxb4 34.Rae7 1/2-1/2

[Event "Washington Class Championships"]
[Site "Seattle, WA"]
[Date "2015.11.29"]
[Round "5"]
[White "He Daniel  (WA)"]
[Black "Skorchenko Dmitry  (WA)"]
[Result "1/2-1/2"]
[WhiteElo "2241"]
[BlackElo "2565"]
[Annotator ""]
[Source ""]
[Remark "Master"]

{%00þ   } 1.c4 g6 2.e4 Bg7 3.d4 Nc6 4.Nf3 e5 5.Bg5 f6 6.Be3 d6
7.h3 Bh6 8.Qd2 Bxe3 9.Qxe3 h5 10.Nc3 Nh6 11.O-O-O Nf7 12.c5 exd4
13.Nxd4 Nxd4 14.Qxd4 Be6 15.f4 dxc5 16.Qxc5 Qe7 17.Bb5+ Kf8 18.Qxe7+
Kxe7 19.f5 gxf5 20.exf5 Bxf5 21.Nd5+ Kf8 22.Nxf6 Kg7 23.Bd7 Bg6
24.Rhf1 Ne5 25.Bb5 Rhf8 26.Nd7 Rxf1 27.Bxf1 Re8 28.Nxe5 Rxe5
29.Rd7+ Kf6 30.Kd2 Rf5 31.Be2 Rc5 32.Bd3 Bf7 33.a3 Ke6 34.Rd4
Ke7 35.Re4+ Kf6 36.Rf4+ Kg7 37.h4 Bg6 1/2-1/2

[Event "Washington Class Championships"]
[Site "Seattle, WA"]
[Date "2015.11.29"]
[Round "5"]
[White "Zhang Jason  (WA)"]
[Black "Menkov Artjom  (WA)"]
[Result "0-1"]
[WhiteElo "1509"]
[BlackElo "1572"]
[Annotator ""]
[Source ""]
[Remark "Class C"]

1.e4 c5 2.Nf3 Nc6 3.d4 cxd4 4.Nxd4 Nf6 5.Nc3 e5 6.Ndb5 d6 7.Bg5
a6 8.Na3 b5 9.Nd5 Be7 10.Bd3 Nxd5 11.exd5 Bxg5 12.dxc6 Be6 13.c4
b4 14.Nc2 a5 15.Ne3 Rc8 16.Qa4 O-O 17.Qc2 h6 18.O-O Rxc6 19.Rad1
Bxe3 20.fxe3 d5 21.Qa4 Qb6 22.cxd5 Bxd5 23.Kh1 Rd8 24.e4 Bc4
25.Bxc4 Rxc4 26.Rxd8+ Qxd8 27.Qb3 Qd4 28.Qa4 Qf2 29.Rg1 Rxe4
30.Qxa5 Re1 31.Qd8+ Kh7 32.Qd3+ g6 33.Qf1 Qxf1 34.Rxf1 Rxf1# 0-1

[Event "Washington Class Championships"]
[Site "Seattle, WA"]
[Date "2015.11.29"]
[Round "5"]
[White "Velea Stephanie  (WA)"]
[Black "Kypriotakis Kyriakos  (OR)"]
[Result "0-1"]
[WhiteElo "651"]
[BlackElo "1069"]
[Annotator ""]
[Source ""]
[Remark "Class E"]

1.e4 e6 2.d4 d5 3.Nc3 Bb4 4.e5 c5 5.Nf3 cxd4 6.Qxd4 Nc6 7.Bb5
Ba5 8.Bg5 f6 9.exf6 Nxf6 10.Ne5 O-O 11.Nxc6 bxc6 12.Bxc6 Rb8
13.Bxf6 Rxf6 14.Qxa7 Rxb2 15.Qe3 Qc7 16.Qc5 Rxc2 17.O-O Rxc3
18.Qd4 Rxc6 19.Qe3 e5 20.Rfe1 Bxe1 21.Rxe1 d4 22.Qb3+ Be6 23.Qb4
Rc1 24.Qd2 Rxe1+ 25.Qxe1 Bxa2 26.Qa1 Qc2 27.h3 Qb1+
( 27...Rxf2 28.Kh1 Rxg2 29.Qf1 Bd5 30.Qd3 Rg3+ 31.Qf3 Bxf3# )
28.Qxb1 Bxb1 29.Kf1 d3 30.Ke1 Bc2 31.f3 e4 32.fxe4 Re6 33.Kd2
Rxe4 34.Kc1 Re2 35.Kb2 Ba4+ 36.Kc1 d2+ 37.Kb2 d1Q+ 38.Kc3 Rc2+
39.Kb4 Qb1+ 40.Kxa4 Ra2# 0-1

[Event "Washington Class Championships"]
[Site "Seattle, WA"]
[Date "2015.11.29"]
[Round "5"]
[White "Borthwick Andrew  (WA)"]
[Black "Chivers Roman  (WA)"]
[Result "1-0"]
[WhiteElo "761"]
[BlackElo "693"]
[Annotator ""]
[Source ""]
[Remark "Class E"]

1.d4 d5 2.c4 c6 3.cxd5 cxd5 4.Nc3 Nf6 5.Nf3 Nc6 6.Bf4 Nxd4 7.Qxd4
e6 8.e4 Bd6 9.exd5 Bxf4 10.Qxf4 exd5 11.O-O-O O-O 12.Bb5 Be6
13.Qe5 a6 14.Ba4 b5 15.Bb3 Rc8 16.Kb1 b4 17.Nxd5 Bxd5 18.Bxd5
Qb6 19.Rd2 Nxd5 20.Qxd5 Rfd8 21.Qg5 Rxd2 22.Qxd2 Rd8 23.Qe3 Qg6+
24.Ka1 Qc2 25.a3 b3 26.Nd4 h6 27.Nxc2 bxc2 28.Qe2 Rc8 29.Rc1
g5 30.Rxc2 Rf8 31.Qxa6 h5 32.Rc8 g4 33.Rxf8+ Kxf8 34.b4 f5 35.Qf6+
Ke8 36.b5 f4 37.Qxf4 h4 38.b6 g3 39.hxg3 hxg3 40.fxg3 Ke7 41.b7
Ke6 42.b8Q Kd5 43.Qb5+ Ke6 44.Qh6+ Kf7 45.Qb7+ Kg8 46.Qhc6 Kf8
47.Qcc8# 1-0

[Event "Washington Class Championships"]
[Site "Seattle, WA"]
[Date "2015.11.29"]
[Round "5"]
[White "Bonrud Neal  (WA)"]
[Black "Mathews Daniel  (WA)"]
[Result "1-0"]
[WhiteElo "1747"]
[BlackElo "1724"]
[Annotator ""]
[Source ""]
[Remark "Class B"]

1.e4 c6 2.d4 d5 3.exd5 cxd5 4.Bd3 g6 5.Bf4 Nc6 6.c3 Bg7 7.Nf3
Nf6 8.Nbd2 O-O 9.O-O Nh5 10.Be3 Qc7 11.Qb3 Qd8 12.Rac1 b6 13.Rfe1
Bb7 14.Qd1 Qb8 15.Bf1 Re8 16.g3 e5 17.dxe5 Nxe5 18.Nxe5 Bxe5
19.Nf3 Bg7 20.Nd4 Nf6 21.Bb5 Rxe3 22.Rxe3 Qd6 23.Re1 Ne4 24.Rc2
a6 25.Bf1 Rd8 26.Bg2 Nf6 27.Rce2 Bf8 28.Rd2 Bh6 29.Rd3 a5 30.Ne2
Ba6 31.Rd4 Qc5 32.Nf4 Bb7 33.Nd3 Qb5 34.a4 Qd7 35.Ne5 Qc7 36.f4
Bg7 37.Rd2 Qc5+ 38.Kh1 Ne8 39.Qb3 Nc7 40.Rde2 Ne6 41.Nxf7 1-0

[Event "Washington Class Championships"]
[Site "Seattle, WA"]
[Date "2015.11.29"]
[Round "5"]
[White "Jiang Brandon  (WA)"]
[Black "Zhang Kyle  (WA)"]
[Result "1-0"]
[WhiteElo "1204"]
[BlackElo "1149"]
[Annotator ""]
[Source ""]
[Remark "Class D"]

1.e4 e5 2.Nf3 Nc6 3.d4 exd4 4.Nxd4 Bc5 5.Nb3 Bb6 6.Nc3 Nf6 7.Bg5
h6 8.Bh4 g5 9.Bg3 d6 10.Bd3 Be6 11.Qe2 Qe7 12.O-O-O O-O-O 13.h4
g4 14.h5 Rhe8 15.Bh4 Nd4 16.Nxd4 Bxd4 17.Qd2 Qf8 18.Bb5 Bxc3
19.Qxc3 Nxe4 20.Qe3 Bd7 21.Bxd8 Bxb5 22.Bh4 Kb8 23.Qb3 Bc6 24.f3
gxf3 25.gxf3 Nc5 26.Qa3 Qg7 27.Rhg1 Qe5 28.Rge1 Qf4+ 29.Kb1 Qxh4
30.Rxe8+ Bxe8 31.f4 Qxf4 32.Qxc5 Qf3 33.Qd4 a6 34.Re1 Bc6 35.Qh8+
Ka7 36.Qxh6 Qf2 37.Qe3+ Qxe3 38.Rxe3 Bd7 39.Rf3 Bg4 40.h6 Bxf3
41.h7 Be4 42.h8Q 1-0

[Event "Washington Class Championships"]
[Site "Seattle, WA"]
[Date "2015.11.29"]
[Round "5"]
[White "Wang Everett  (WA)"]
[Black "Barua Aniruddha  (WA)"]
[Result "0-1"]
[WhiteElo "954"]
[BlackElo "1184"]
[Annotator ""]
[Source ""]
[Remark "Class E"]

1.d4 d5 2.c4 c6 3.e3 e6 4.Nc3 Nf6 5.Nf3 Be7 6.Be2 O-O 7.Qc2 Nbd7
8.Bd3 dxc4 9.Bxc4 b5 10.Bd3 a6 11.e4 h6 12.Bf4 Bb7 13.O-O c5
14.dxc5 Nxc5 15.Rad1 Nxd3 16.Qxd3 Qxd3 17.Rxd3 Nxe4 18.Nxe4 Bxe4
19.Rd7 Bf6 20.Ne5 Rad8 21.Rxd8 Rxd8 22.Re1 Bxe5 23.Bxe5 Rd5 24.Bc3
Bd3 25.h3 Kf8 26.Bb4+ Ke8 27.Bc3 g6 28.Bg7 h5 29.a3 Bc4 30.Bc3
Kd7 31.f3 Kc6 32.g4 hxg4 33.fxg4 Rd3 34.h4 Rg3+ 35.Kh2 Rxg4 36.Kh3
Rf4 37.Be5 Rf5 38.Kg4 Kd5 39.Bc3 e5 40.Rd1+ Kc6 41.Re1 f6 42.b4
Bd5 43.Rc1 Kd6 44.Re1 Rf3 45.Bb2 e4 46.Bd4 Be6# 0-1

[Event "Washington Class Championships"]
[Site "Seattle, WA"]
[Date "2015.11.29"]
[Round "5"]
[White "Elisara Travis  (WA)"]
[Black "Puri Ishaan  (WA)"]
[Result "0-1"]
[WhiteElo "1557"]
[BlackElo "1721"]
[Annotator ""]
[Source ""]
[Remark "Class B"]

1.Nc3 Nc6 2.d4 d6 3.e4 e5 4.d5 Nb8 5.Be3 Nf6 6.Nge2 Be7 7.Qd2
Ng4 8.f3 Nxe3 9.Qxe3 Na6 10.a3 Nc5 11.b4 Nd7 12.g3 Bg5 13.f4
exf4 14.gxf4 Bh4+ 15.Kd2 Nb6 16.Nd4 Qe7 17.Rg1 g6 18.Qd3 Bd7
19.Ncb5 Kd8 20.Qc3 Bxb5 21.Nxb5 a6 22.Qxh8+ Kd7 23.Bh3+ f5 24.Qd4
axb5 25.exf5 Nc4+ 26.Kd3 Bf6 27.fxg6+ Kd8 28.Qf2 Nb2+ 29.Kd2
Nc4+ 30.Kd3 Nb2+ 31.Kd2 Nc4+ 32.Kc1 Bxa1 33.Be6 Bb2+ 34.Kd1 Rxa3
35.Rg3 hxg6 36.Rxa3 Bxa3 37.Qa7 Ke8 38.Qb8+ Qd8 39.Qxb7 Nb6 40.Qc6+
Kf8 41.Qc3 Qh4 42.Qxa3 Qh5+ 43.Kc1 Qxh2 44.Qf3 Nc4 45.Qf1 Qd2+
46.Kb1 Qxb4+ 47.Kc1 Qc3 0-1

[Event "Washington Class Championships"]
[Site "Seattle, WA"]
[Date "2015.11.29"]
[Round "5"]
[White "Kuhner Mary  (WA)"]
[Black "Dhingra Sangeeta  (WA)"]
[Result "1/2-1/2"]
[WhiteElo "1924"]
[BlackElo "1953"]
[Annotator ""]
[Source ""]
[Remark "Class A"]

1.e4 c5 2.Nf3 e6 3.c3 Nc6 4.d4 cxd4 5.cxd4 d5 6.e5 Bb4+ 7.Bd2
Bxd2+ 8.Qxd2 Nge7 9.Nc3 a6 10.a3 b5 11.b4 Bd7 12.Bd3 Qb6 13.Bc2
Rc8 14.Ne2 h6 15.O-O Nf5 16.Rfd1 a5 17.Rac1 O-O 18.g4 Nfe7 19.Qd3
f5 20.exf6 Rxf6 21.Ng3 Rf4 22.h3 g6 23.bxa5 Qxa5 24.Nh4 Rxd4
25.Qe3 Rxd1+ 26.Rxd1 Kg7 27.Nxg6 Nxg6 28.Nh5+ Kf7 29.Qf3+ Ke7
30.Bxg6 Rf8 31.Qe3 Qa7 32.Qe2 Ne5 33.Bf5 Qc7 34.f4 exf5 35.Rxd5
fxg4 36.Rxe5+ Kd8 37.hxg4 Qc1+ 38.Kh2 Rxf4 39.Nxf4 Qxf4+ 40.Kg2
Bc6+ 41.Kh3 Bd7 42.Re4 Qg5 43.Re5 Bxg4+ 1/2-1/2

[Event "Washington Class Championships"]
[Site "Seattle, WA"]
[Date "2015.11.29"]
[Round "5"]
[White "Hendricks David  (WA)"]
[Black "Sullivan Brian  (CAN)"]
[Result "1-0"]
[WhiteElo "1670"]
[BlackElo "1722"]
[Annotator ""]
[Source ""]
[Remark "Class B"]

1.d4 d5 2.Bf4 Nf6 3.e3 e6 4.Nf3 c5 5.c3 Nc6 6.Bd3 Be7 7.h3 h6
8.Nbd2 Bd7 9.O-O Rc8 10.Qe2 O-O 11.Ne5 cxd4 12.exd4 Be8 13.Rae1
a6 14.g4 Nh7 15.Ndf3 Ng5 16.Kg2 Nxf3 17.Qxf3 Nxe5 18.Bxe5 a5
19.Bb1 Bb5 20.Rh1 a4 21.a3 Rc6 22.Qd1 g6 23.Qc2 Kh7 24.Bg3 f5
25.h4 Kg7 26.gxf5 exf5 27.h5 Bf6 28.hxg6 Bxd4 29.Qd2 Rxg6 30.Qxd4+
Kg8 31.Re5 Rg4 32.Qxd5+ Qxd5+ 33.Rxd5 Bc6 34.Rhd1 Rg5 35.Kf1
Bxd5 36.Rxd5 f4 37.Ba2 Kh8 38.Bh4 Rxd5 39.Bxd5 f3 40.Bxb7 Kg7
41.Bc6 Kg6 42.Bxa4 Kf5 43.Ke1 Kg4 44.Be7 Rf7 45.Bd7+ Kf4 46.Bd6+
Ke4 47.Bc6+ Kd3 48.Kd1 h5 49.Bb5+ Ke4 50.Kd2 Kd5 51.Bg3 Ra7 52.Ke3
h4 53.c4+ Ke6 54.Bh2 Rf7 55.Bc6 1-0

[Event "Washington Class Championships"]
[Site "Seattle, WA"]
[Date "2015.11.29"]
[Round "5"]
[White "Pogrebinsky Ethan  (WA)"]
[Black "MacGregor Logan  (WA)"]
[Result "0-1"]
[WhiteElo "1372"]
[BlackElo "1556"]
[Annotator ""]
[Source ""]
[Remark "Class C"]

1.e4 c5 2.Nf3 g6 3.d4 cxd4 4.Nxd4 Nc6 5.Be3 Bg7 6.Nc3 Nf6 7.Nxc6
bxc6 8.e5 Ng8 9.f4 Nh6 10.Bd3 d5 11.Ne2 Bf5 12.Nd4 Qc8 13.Qe2
O-O 14.Nxf5 Nxf5 15.g4 Nxe3 16.Qxe3 Qxg4 17.Rg1 Qh4+ 18.Rg3 Bh6
19.Ke2 Bxf4 20.Rh3 Qg5 21.Qf3 Qxe5+ 22.Kf2 e6 23.Re1 Qf6 24.Qg4
e5 25.Rf3 h5 26.Qg2 Qh4+ 27.Kf1 Qxh2 28.Re2 Qxg2+ 29.Rxg2 Bc1
30.b3 e4 31.Bxe4 dxe4 32.Rh3 Kh7 33.Re2 e3 34.a4 Bd2 35.Rhxe3
Bxe3 36.Rxe3 Rfe8 37.Rf3 Kg7 38.Rc3 Rad8 39.Rxc6 Rd2 40.Rc3 Ree2
41.Rf3 Rh2 42.Kg1 Rxc2 43.Re3 Rhd2 44.Re1 Rb2 45.Ra1 h4 46.Kh1
h3 47.b4 h2 48.Rf1 Rg2 49.b5 Rg1+ 50.Rxg1 hxg1Q+ 51.Kxg1 Kf6
52.a5 Rxb5 53.Kf2 Rb3 54.a6 Ke5 55.Ke2 Kd4 56.Kf2 Ke4 57.Kg2
Kf4 58.Kf1 Rb2 59.Ke1 Kf3 60.Kd1 Ke3 61.Kc1 Rh2 62.Kd1 Rg2 63.Kc1
Kd3 64.Kb1 Kc3 65.Ka1 Kb3 66.Kb1 Rg1# 0-1

[Event "Washington Class Championships"]
[Site "Seattle, WA"]
[Date "2015.11.29"]
[Round "5"]
[White "Haining Breck  (WA)"]
[Black "Zarzhevskiy Jacob  (WA)"]
[Result "0-1"]
[WhiteElo "1345"]
[BlackElo "1230"]
[Annotator ""]
[Source ""]
[Remark "Class D"]

1.e4 d6 2.Nf3 Nf6 3.Nc3 g6 4.Bc4 Bg7 5.d3 O-O 6.O-O c5 7.Ne2
a6 8.Ng3 b5 9.Bb3 a5 10.c3 Nc6 11.Bg5 a4 12.Bc2 a3 13.b3 b4 14.Rb1
bxc3 15.Qc1 Nb4 16.Ra1 Ba6 17.Rd1 Bb7 18.d4 cxd4 19.Rxd4 Nxc2
20.Qxc2 Nxe4 21.Rxe4 Bxe4 22.Nxe4 Qc7 23.Rd1 Rfe8 24.Nd4 d5 25.Nb5
Qc6 26.Nbxc3 dxe4 27.Be3 Qxc3 28.Qxe4 Rad8 29.Rf1 Qb2 30.Bc5
Qxa2 31.Qc4 Rb8 32.Qa4 Qxb3 33.Qxa3 Qxa3 34.Bxa3 e6 35.g3 Ra8
36.Bc5 Ra2 37.Be3 Rd8 38.Bb6 Rd7 39.Bc5 Bd4 40.Bb4 h5 41.Kg2
Rc7 42.Kf3 Rcc2 43.Be1 Ra1 44.Ke4 Bc3 45.Kd3 Rcc1 46.Bxc3 Rxc3+
47.Kxc3 Rxf1 48.f4 Rh1 49.Kd4 Rxh2 50.Ke4 Kg7 51.Kf3 Ra2 52.g4
h4 53.g5 h3 54.f5 h2 55.f6+ Kg8 56.Ke3 h1R 57.Kf4 Ra4+ 58.Ke5
Re1+ 59.Kd6 Ra5 60.Ke7 Rb1 61.Kd6 Rb6+ 62.Kc7 Raa6 63.Kd7 Ra7+
64.Ke8 Rb8# 0-1